00379nam a2200109Ia 4500008004100000020001800041050002200059100001700081245010200098260004600200300002300246150610s9999 xx 000 0 und d a9789834386931 aBV4637b.C96 1999 aCymbala, Jim aFresh faith:bwhat happens when real faith ignites God's people /cJim Cymbala with Dean Merrill. aMalaysia :bPVM Harvest Resources,c1999. a245pages ;c21 cm.